000 00724nam a2200241 i 4500
001 17217
003 ES-MaACL
005 20231216062903.0
007 t|
008 010122s1998 sp |||| |dspa d
020 _a84-08-02363-2
080 _a342.534(460)"18/19"(089.3)
100 1 _aCarandell, Luis,
_d1929-2002
_934959
245 1 0 _aSe abre la sesión /
_cLuis Carandell.
246 3 4 _iTít. de la cub.
_aLas anécdotas del parlamento
250 _a1ª ed.
260 _aBarcelona :
_bPlaneta,
_c1998.
300 _a282 p. ;
_c22 cm.
650 1 4 _aParlamentarios-
_zEspaña-
_vAnécdotas.
_9151256
740 4 _aLas anécdotas del Parlamento.
852 _aES-MaACL
_jL-24191
999 _c17217
_d17217